000 00926nam a22002537a 4500
005 20111129105332.0
008 111129t xxu||||| |||| 00| 0 eng d
010 _aENG-104227
020 _a9788120344280
_c495.00
035 _aEN-87760
037 _bDBAD / PUB
040 _adpl
_bEnglish
082 _a005.73
100 _aKushwaha, Dharmender Singh
_936244
245 _aData structure :
_cby Dharmender Singh Kushwaha [and] Arun Kumar Misra
_ba programming approach with C /
260 _aNew Delhi
_bPHI Learning
_c2012
270 _aM-97, Connaught Circus,
_bNew Delhi
_e110012
300 _axvi,763p.
_c24cm (pbk)
500 _aIncludes index
650 _936245
700 _aMisra, Arun Kumar
_936247
942 _2ddc
_cEN
_mKUS
_h005.73
999 _c58776
_d58776